000 00770nam a22002297a 4500
005 20150124120710.0
008 101208t xxu||||| |||| 00| 0 eng d
020 _a9780470554654
050 0 4 _aHG5095
_bM86 2010
100 1 _aMuolo, Paul
245 1 0 _aChain of blame :
_bHow wall the street caused mortgage and credit crisis/
_cPaul Muolo, Mathew Padilla
250 _a1a ed.
260 _aNew Jersey :
_bJohn Wiley & Sons,
_cc2010
300 _axv, 379 p. ;
_c22 cm.
504 _aIncluye bibliografia, glosario e índice
650 4 _aHipotecas
_zEstados Unidos
650 4 _aPrestamos hipotecarios
_zEstados Unidos
650 4 _aCrisis financiera
_zEstados Unidos
650 4 _aBolsas de valores
_zEstados Unidos
700 1 _aPadilla, Mathew
942 _2ddc
_cLIB
999 _c4775
_d4775